Cathédrales de France n°2 - Statistiques

Statistiques générales
  • Ce quiz a été pris 115 fois
  • Le résultat moyen est 7 sur 15
Statistiques - réponses
Par images Hint Réponse % Correct
XVIe Saint-Pierre, Rennes
76%
1175 Saint-Jean, Lyon
74%
1583 Notre-Dame-de-l'Assomption, Ajaccio
71%
1145 Notre-Dame, Noyon
56%
1247 Saint-Michel, Carcassonne
55%
XIIe Saint-Jean, Besançon
52%
XIe Notre-Dame-de-la-Seds, Toulon
48%
1220 Saint-Etienne, Saint-Brieuc
47%
1170 Saint-Pierre, Lisieux
44%
1866 Notre-Dame-et-Saint-Arnoux, Gap
39%
1090 Saint-Vincent, Chalon-sur-Saône
35%
1633 Saint-Jean-Baptiste, Alès
34%
1928 Saints-Traducteurs, Marseille
34%
XIIe Saint-Caprais, Agen
32%
XIIIe Notre-Dame-de-Nazareth, Vaison-la-Romaine
15%
Aucun quiz correspondant
Distribution des résultats
% des personnes avec chaque résultat
Percentile par nombre de réponses
Votre historique - résultats
Vous n’avez pas pris ce quiz